A guide to effective public communications. (Record no. 549340)

000 -LEADER
fixed length control field 00351nam a22001337a 4500
082 ## - DEWEY DECIMAL CLASSIFICATION NUMBER
Classification number 808.51
Author Mark WOR
-- Donationa
100 ## - MAIN ENTRY--PERSONAL NAME
Personal name The World Bank
9 (RLIN) 19583
245 ## - TITLE STATEMENT
Title A guide to effective public communications.
260 ## - PUBLICATION, DISTRIBUTION, ETC.
Name of publisher, distributor, etc. The World Bank
Date of publication, distribution, etc. 1994
300 ## - PHYSICAL DESCRIPTION
Extent 33 p.
526 ## - STUDY PROGRAM INFORMATION NOTE
Program name 0
Interest level 0
Reading level 0
Title point value 808_510000000000000_WOR
650 ## - SUBJECT ADDED ENTRY--TOPICAL TERM
Topical term or geographic name entry element MCE
9 (RLIN) 379
942 ## - ADDED ENTRY ELEMENTS (KOHA)
Source of classification or shelving scheme
Koha item type Book
Holdings
Withdrawn status Lost status Source of classification or shelving scheme Damaged status Not for loan Permanent Location Current Location Date acquired Total Checkouts Full call number Barcode Date last seen Date last checked out Price effective from Koha item type
          Military College of Engineering (MCE) Military College of Engineering (MCE) 09/23/2014 1 808.51 WOR MCE-42222 05/16/2019 04/17/2019 09/23/2014 Book
© 2023 Central Library, National University of Sciences and Technology. All Rights Reserved.